LEADER 00561nam 2200217zu 450 001 9911046541703321 005 20251128031123.0 010 $a3-032-01504-9 035 $a(CKB)43719539100041 035 $a(EXLCZ)9943719539100041 100 $a20251128|2025uuuu || | 101 0 $aeng 135 $aur||||||||||| 200 10$aAlgebra Lineare 210 $cSpringer Nature Switzerland$d2025 311 08$a3-032-01503-0 700 $aManetti$b Giovanni$0143918 906 $aBOOK 912 $a9911046541703321 996 $aAlgebra Lineare$94531081 997 $aUNINA